| 000 | 00690nam a22001937a 4500 | ||
|---|---|---|---|
| 999 |
_c167745 _d167745 |
||
| 005 | 20190918132014.0 | ||
| 010 | _aUR-10474 | ||
| 020 |
_c300.00 _a- |
||
| 035 | _aU-9029 | ||
| 037 |
_bDBAD/PUB _a9789387248137 |
||
| 082 | _a440.9 | ||
| 100 | _aسيد فضل اللہ مکر م | ||
| 245 |
_aصحا فت ا و ر صحا فی _cسيد فضل اللہ مکر م |
||
| 246 |
_bSahafat Aur Sahafi Urdu) _aby Syed Fazalullah Mukaram |
||
| 260 |
_aHyderabad _bTanveer Publishers _c2017ء |
||
| 270 |
_a#116837,2nd floor Sana Apartment Red Hills , _bHyderabad ,Telangana _e500004 _k917207838273 _l- |
||
| 300 |
_a246 ص _c22 Cm(Hb) |
||
| 942 |
_2ddc _cUR _h440.9 _mس ی د |
||